00509nam a2200193Ia 4500999001700000003000400017005001700021008004100038020001800079040000900097082001900106100002300125245004300148250001200191260003700203300000900240650002200249942004400271 c34891d34891OSt20200603101323.0190216s9999||||xx |||||||||||||| ||und|| a9788121902830 coclc a320.954bAGA/I aAgarwal, R C9586 0aIndian Political System /cR C Agarwal a5th ed. bS Chand & Co,c2000.aNew Delhi: a207p aPolitical Science cBK2ddch320.954iAGA/Ik320.954mAGA/I